| 000 | 01152nam a2200349 i 4500 | ||
|---|---|---|---|
| 999 |
_c66288 _d66288 |
||
| 001 | 768714001 | ||
| 003 | CO-MdFUSB | ||
| 005 | 20240618062721.0 | ||
| 007 | ta | ||
| 008 | 781006t1955 ilu 000 0 eng | ||
| 010 | _a 55006884 /L | ||
| 020 | _a[No incluye ISBN] | ||
| 040 |
_dUPRA _aCO-MdFUSB _bspa _cCO-MdFUSB _erda |
||
| 041 | _aeng | ||
| 082 |
_223 _a266 _bA232 |
||
| 100 | 1 |
_aAdeney, David H. _eautor |
|
| 245 | 1 | 4 |
_aThe unchanging commission. _c/ David H Adeney |
| 264 | 1 |
_aChicago : _bInterVarsity Press, _c[1955] |
|
| 264 | 4 | _c© 1955 | |
| 300 |
_a94 páginas. ; _c21 cm. |
||
| 336 |
_2rdacontent _atexto _btxt |
||
| 337 |
_2rdamedia _asin mediación _bn |
||
| 338 |
_2rdacarrier _avolumen _bnc |
||
| 505 | _aMisiones cristianas en un mundo cambiante - Obstáculos para la evangelización mundial - El mundo de hoy - La tarea misionera - El motivo misionero - El misionero de hoy - Para cada hombre su trabajo - El objetivo misionero - Decisión. | ||
| 563 | _aRústico | ||
| 650 | 0 |
_aMisiones _9154 |
|
| 942 | _cBK | ||
| 945 | _aJTF-925 | ||